LEADER 01029naa a2200229 u 4500 001 000000102462 003 CaOOAMICUS 005 20070226130211.0 008 060516s1985 it u000 u ger u 035 $a11089165 040 $aIAR$bita 041 0 $ager$bita 100 1 $aGabriel, Leo,$d1902-1987.$0(OLS)http://pul/name/726 245 10$aKarl Jaspers :$bSelbstverwirklichung und Entfremdung in der Grenzsituation /$cLeo Gabriel. 260 $aMerano :$b[s.n.],$c1985. 300 $aS. 37-42 ;$c24 cm 500 $aItalienische Zusammenfassung 500 $aIAR: FF-160.06 773 0 $aDeutsch-italienische Studien : Monographische Reihe des deutsch-italienischen Kulturinstitutes.$t6 773 0 $tKarl Jaspers, 1883-1969 : 1983 - Celebrazioni nel I centenario della nascita = 1983 - Gedenkfeier zur 100. Wiederkehr der Geburtstages$w()19263 996 $6245$aKarl Jaspers :$bSelbstverwirklichung und Entfremdung in der Grenzsituation$9(OLS)http://pul/title/129370 996 $6260$aMerano :$b[s.n.]$9(OLS)http://pul/publisher/56098 LEADER 01545nam a2200325 u 4500 001 000000059844 003 CaOOAMICUS 005 20070226120839.0 008 010706s1998 it u000 u ita u 020 $a8876528091 035 $a10896248 040 $aPUL(R)$bita 100 1 $aCalabretta, Rose B.$0(OLS)http://pul/name/41123 245 10$aBaptism and Confirmation :$bthe Vocation and Mission of the Laity in the Writings of Virgil Michael /$cRose B. Calabretta. 260 $aRoma :$bEditrice Pontificia Università Gregoriana,$c1998. 300 $a316 p. ;$c24 cm 490 1 $aTesi Gregoriana.$aSerie teologia ;$v47 500 $aComprende indici. 502 $aTesi -- Pontificia Università Gregoriana, 1998. 504 $a"Bibliography": p [297]-311. 600 14$aMichel, Virgil George,$d1890-1938.$0(OLS)http://pul/subject/23208 650 4$aBattesimo.$0(OLS)http://pul/subject/1772 650 4$aCresima.$0(OLS)http://pul/subject/3901 830 0$aTesi Gregoriana.$pSerie teologia ;$v47.$0(OLS)http://pul/title/39607 850 $aPUL 852 $aPUL$W1$xDP1 Tesi Pon. Univ. Gregoriana$y40$mTH PUG 4541$j78010$nBK-PRI$b $qTesi$B78010$CPULBib$Z2$F78010 $H $81 941 1 $a16 996 $6020$a8876528091$9(OLS)http://pul/number/76566 996 $6245$aBaptism and Confirmation :$bthe Vocation and Mission of the Laity in the Writings of Virgil Michael$9(OLS)http://pul/title/80073 996 $6260$aRoma :$bEditrice Pontificia Università Gregoriana$9(OLS)http://pul/publisher/51116